The Football Player’s Club: Premier League - Statistics

General Stats
  • This quiz has been taken 40 times
  • The average score is 15 of 20
Answer Stats
Hint Answer % Correct
Jamie Vardy Leicester City
92%
Emiliano Martinez Aston Villa
89%
Virgil Van Dijk Liverpool
89%
Rasmus Højlund Manchester United
89%
Bukayo Saka Arsenal
86%
Cole Palmer Chelsea
84%
Bernardo Silva Manchester City
84%
Eberechi Eze Crystal Palace
78%
Nick Pope Newcastle
78%
James Madison Tottenham Hotspur
78%
João Gomes Wolverhampton Wolves
78%
Lucas Paquetá West Ham
76%
Danny Welbeck Brighton Hove & Albion
73%
Jarrad Branthwaite Everton
70%
Bryan Mbeumo Brentford
68%
Kalvin Phillips Ipswich Town
68%
Emile Smith Rowe Fulham
65%
Aaron Ramsdale Southampton
62%
James Ward-Prowse Nottingham Forest
57%
Enes Ünal AFC Bournemouth
38%
No matching quizzes found
Score Distribution
Percent of People with Each Score
Percentile by Number Answered
Your Score History
You have not taken this quiz